[Event "OLNN 1617 Schachfreunde HH - SF Schweri"]
[Site "?"]
[Date "2016.10.16"]
[Round "1.1"]
[White "Danielsen, Henrik"]
[Black "Sawatzki, Frank"]
[Result "1-0"]
[WhiteElo "2480"]
[BlackElo "2353"]
[PlyCount "115"]
[EventDate "2016.??.??"]

1. Nf3 d5 2. g3 Bg4 3. Bg2 Nd7 4. d3 e5 5. O-O Ngf6 6. h3 Be6 7. Ng5 Bf5 8. Nd2
h6 9. e4 Bg6 10. Ngf3 dxe4 11. dxe4 Bc5 12. Nh4 Bh7 13. Qe2 O-O 14. a4 a5 15.
Rd1 Re8 16. Nc4 Qc8 17. Bd2 b6 18. Be1 Qa6 19. Kh2 Bf8 20. f3 Nc5 21. Bf1 g6
22. Ne3 Qb7 23. c3 c6 24. Nc4 Qc7 25. Bf2 Reb8 26. Qc2 Ne6 27. Be3 h5 28. Ng2
Kg7 29. h4 Bg8 30. Qd2 Kh7 31. Ne1 Rd8 32. Qf2 Rxd1 33. Rxd1 Nc5 34. Qc2 Nfd7
35. Nd3 Nxa4 36. Qxa4 b5 37. Qa2 f6 38. Ne1 Nc5 39. Nc2 a4 40. N2a3 Rd8 41. Qb1
bxc4 42. Bxc4 Bxc4 43. Nxc4 Rd7 44. Qc2 Rf7 45. Bxc5 Bxc5 46. Qxa4 f5 47. b4
Bf2 48. Nd6 fxe4 49. Nxe4 Rxf3 50. Kg2 Rxg3+ 51. Nxg3 Bxg3 52. Kxg3 e4+ 53. Kg2
Qf4 54. Qa7+ Kh6 55. Qd4 Qf3+ 56. Kg1 Qg3+ 57. Kf1 Qh3+ 58. Ke2 1-0

[Event "OLNN 1617 Schachfreunde HH - SF Schweri"]
[Site "?"]
[Date "2016.10.16"]
[Round "1.2"]
[White "Bokelbrink, Uwe"]
[Black "Spivak, Ilya"]
[Result "0-1"]
[WhiteElo "2324"]
[BlackElo "2334"]
[PlyCount "132"]
[EventDate "2016.??.??"]

1. e4 c5 2. Nf3 e6 3. b3 b6 4. Bd3 Bb7 5. O-O d6 6. Bb2 Nd7 7. Re1 Ngf6 8. c3
Qc7 9. a4 a6 10. Na3 Be7 11. Bc2 Rc8 12. Rc1 Qb8 13. d4 cxd4 14. cxd4 d5 15. e5
Nh5 16. Qd2 g6 17. Nb1 Rc6 18. Bd3 Rxc1 19. Rxc1 O-O 20. g4 Ng7 21. Qe2 Rc8 22.
Rd1 Qa8 23. Qe3 Rc7 24. Ng5 Qd8 25. f4 Nf8 26. Nd2 Qd7 27. Nf1 b5 28. axb5 axb5
29. Ng3 b4 30. Rf1 Qd8 31. Nf3 Bc8 32. Kg2 Bd7 33. Rh1 Qc8 34. h4 Rc2+ 35. Bxc2
Qxc2+ 36. Qd2 Qxb3 37. h5 Bb5 38. hxg6 fxg6 39. Ra1 h5 40. gxh5 gxh5 41. Rh1
Be8 42. Bc1 Ng6 43. Kf2 h4 44. Nf1 Nf5 45. Rg1 Kf7 46. Rg4 Bb5 47. Ne3 Bd3 48.
Qe1 Qa2+ 49. Kg1 Be4 50. Nd2 Nxd4 51. Qd1 Bd3 52. f5 Ne2+ 53. Kh2 exf5 54. e6+
Kg7 55. Rg2 Bd6+ 56. Kh1 Ng3+ 57. Kg1 Nf4 58. Rh2 Nfe2+ 59. Kf2 f4 60. Ng4 Nc3
61. Qf3 Be4 62. e7 Qa7+ 63. Ne3 fxe3+ 64. Ke1 exd2+ 65. Kxd2 Qd4+ 66. Ke1 Bxf3
0-1

[Event "OLNN 1617 Schachfreunde HH - SF Schweri"]
[Site "?"]
[Date "2016.10.16"]
[Round "1.3"]
[White "Kesten, Sebastian"]
[Black "Ritscher, Jan-Paul"]
[Result "1-0"]
[WhiteElo "2262"]
[BlackElo "2262"]
[PlyCount "97"]
[EventDate "2016.??.??"]

1. c4 e6 2. g3 d5 3. Bg2 Nf6 4. Nf3 Be7 5. O-O O-O 6. b3 d4 7. e3 c5 8. Bb2 Nc6
9. exd4 cxd4 10. Re1 Re8 11. d3 Bf8 12. Ne5 Nxe5 13. Rxe5 Nd7 14. Re4 e5 15. f4
f6 16. fxe5 fxe5 17. Qe2 Bd6 18. Rh4 Nf6 19. Bc1 h6 20. Nd2 Bf8 21. Ne4 Rb8 22.
Bd2 Nh7 23. Rf1 Be6 24. Bh3 Qd7 25. Bxe6+ Qxe6 26. Qh5 g6 27. Rg4 Ng5 28. Rxg5
hxg5 29. Qxg5 Bg7 30. Nf6+ Kf7 31. Nxe8+ Kxe8 32. Qh4 Rd8 33. Bg5 Rd7 34. Bf6
Rf7 35. Bxg7 Rxg7 36. Rf6 Qe7 37. Qg5 a6 38. h4 e4 39. Rf4 Qxg5 40. hxg5 exd3
41. Rxd4 Re7 42. Rxd3 Re2 43. Rd6 Kf7 44. Rf6+ Kg7 45. Rb6 Rxa2 46. Rxb7+ Kf8
47. c5 Rc2 48. b4 a5 49. bxa5 1-0

[Event "OLNN 1617 Schachfreunde HH - SF Schweri"]
[Site "?"]
[Date "2016.10.16"]
[Round "1.4"]
[White "Hermesmann, Hans"]
[Black "Reichmann, Hendrik"]
[Result "1-0"]
[WhiteElo "2272"]
[BlackElo "2358"]
[PlyCount "53"]
[EventDate "2016.??.??"]

1. d4 c5 2. d5 d6 3. e4 g6 4. Nc3 Bg7 5. f4 Nf6 6. Bb5+ Nfd7 7. a4 O-O 8. Nf3
Na6 9. O-O Nc7 10. Bd3 b6 11. Qe1 e6 12. dxe6 fxe6 13. f5 Ne5 14. fxg6 hxg6 15.
Qg3 Qe8 16. Bg5 Nxf3+ 17. gxf3 Be5 18. f4 Bd4+ 19. Kg2 Kg7 20. h4 Rh8 21. e5
Bb7+ 22. Kh2 Rh5 23. Rg1 dxe5 24. fxe5 Kh7 25. Bf4 Rf5 26. Bxf5 exf5 27. Qg5
1-0

[Event "OLNN 1617 Schachfreunde HH - SF Schweri"]
[Site "?"]
[Date "2016.10.16"]
[Round "1.5"]
[White "Schulz, Karsten"]
[Black "Jaeckle, Marco"]
[Result "1-0"]
[WhiteElo "2283"]
[BlackElo "2224"]
[PlyCount "75"]
[EventDate "2016.??.??"]

1. d4 d5 2. Bf4 e6 3. e3 Bd6 4. Bxd6 cxd6 5. Nf3 Ne7 6. c4 dxc4 7. Bxc4 d5 8.
Bd3 h6 9. Nc3 Nbc6 10. O-O f5 11. Ne5 Nxe5 12. dxe5 Bd7 13. Ne2 O-O 14. Qb3 b5
15. Nd4 Rb8 16. Rac1 b4 17. Rc5 Qb6 18. Rfc1 Rfc8 19. Rxc8+ Rxc8 20. Rxc8+ Bxc8
21. Bb5 Ng6 22. Qc2 Ba6 23. Bd7 Nf8 24. Be8 Qb8 25. Qc6 Bb7 26. Qb5 Qc7 27. Bc6
Bxc6 28. Nxc6 Nd7 29. f4 g5 30. Kf2 gxf4 31. exf4 a5 32. Ke3 Nb6 33. Kd4 Nd7
34. Kd3 Kf8 35. Nd4 Qc1 36. Qxd7 Qd1+ 37. Ke3 Qc1+ 38. Kf2 1-0

[Event "OLNN 1617 Schachfreunde HH - SF Schweri"]
[Site "?"]
[Date "2016.10.16"]
[Round "1.6"]
[White "Kull, Florian"]
[Black "Wolf, Christoph"]
[Result "0-1"]
[WhiteElo "2191"]
[BlackElo "2148"]
[PlyCount "54"]
[EventDate "2016.??.??"]

1. c4 c5 2. Nc3 Nc6 3. g3 g6 4. Bg2 Bg7 5. a3 e6 6. b4 Nxb4 7. axb4 cxb4 8. d4
bxc3 9. e3 Ne7 10. Ne2 O-O 11. Nxc3 d5 12. cxd5 Nxd5 13. Nxd5 exd5 14. O-O Be6
15. Ba3 Re8 16. Qa4 a6 17. Bb4 b5 18. Qa5 Bf8 19. Bxf8 Rxf8 20. Rfc1 Qxa5 21.
Rxa5 Rfc8 22. Rb1 Rab8 23. Bf3 b4 24. Kf1 b3 25. Bxd5 b2 26. Be4 Rc1+ 27. Ke2
Bf5 0-1

[Event "OLNN 1617 Schachfreunde HH - SF Schweri"]
[Site "?"]
[Date "2016.10.16"]
[Round "1.7"]
[White "Grahl, Arvid"]
[Black "Zimmermann, Martin"]
[Result "1-0"]
[WhiteElo "2202"]
[BlackElo "2158"]
[PlyCount "79"]
[EventDate "2016.??.??"]

1. d4 d5 2. c4 c6 3. Nf3 Nf6 4. Qc2 e6 5. Bg5 Be7 6. e3 Nbd7 7. Nc3 h6 8. Bh4
O-O 9. a3 Re8 10. Rd1 Nf8 11. h3 Ng6 12. Bg3 Nd7 13. Bd3 Ndf8 14. O-O Bd6 15.
Bxd6 Qxd6 16. Rfe1 Qe7 17. e4 dxc4 18. Bxc4 e5 19. d5 Qf6 20. Nd2 Nf4 21. Bf1
N8g6 22. Re3 Bd7 23. Nc4 Red8 24. Kh2 cxd5 25. Nxd5 Nxd5 26. exd5 Bb5 27. Rf3
Qa6 28. Ne3 Rac8 29. Qf5 Rf8 30. Qe4 Bxf1 31. Rxf1 Qe2 32. Qb4 b6 33. Re1 Qa6
34. Qg4 Qb7 35. h4 Nf4 36. Nf5 g6 37. Rxe5 Nxd5 38. Rxd5 h5 39. Qg3 Kh7 40. Ne3
1-0

[Event "OLNN 1617 Schachfreunde HH - SF Schweri"]
[Site "?"]
[Date "2016.10.16"]
[Round "1.8"]
[White "Dietz, Juergen"]
[Black "Rittemann, Steffen"]
[Result "1/2-1/2"]
[WhiteElo "2147"]
[BlackElo "2143"]
[PlyCount "58"]
[EventDate "2016.??.??"]

1. f4 Nf6 2. Nf3 g6 3. g3 Bg7 4. d3 O-O 5. Bg2 d6 6. Nc3 c6 7. e4 b5 8. Qe2 b4
9. Nd1 Qb6 10. a3 a5 11. Be3 c5 12. axb4 Qxb4+ 13. Bd2 Qb6 14. O-O Nc6 15. Ne3
Nd7 16. e5 dxe5 17. Nc4 Qc7 18. Nfxe5 Ndxe5 19. fxe5 a4 20. Qf2 Ra6 21. Qxc5
Be6 22. d4 Qd7 23. c3 Rd8 24. Qb5 Nb8 25. Qxd7 Rxd7 26. Na3 Bxe5 27. dxe5 Rxd2
28. Rfd1 Rxd1+ 29. Rxd1 Nd7 1/2-1/2

[Event "OLNN 1617 Agon Neumünster - Königssprin"]
[Site "?"]
[Date "2016.10.16"]
[Round "1.1"]
[White "Pfreundt, Jakob"]
[Black "Hagenstein, Frank"]
[Result "0-1"]
[WhiteElo "2288"]
[BlackElo "2239"]
[PlyCount "68"]
[EventDate "2016.??.??"]

1. e4 c5 2. Nf3 d6 3. d4 cxd4 4. Nxd4 Nf6 5. Nc3 g6 6. Be2 Bg7 7. O-O Nc6 8.
Nb3 O-O 9. Re1 Be6 10. Bg5 Rc8 11. Bf1 Nd7 12. Qd2 Re8 13. Rad1 Nb6 14. f4 Nc4
15. Bxc4 Bxc4 16. Nd5 Bxb2 17. c3 Ba3 18. Kh1 f6 19. Bh4 Kh8 20. Re3 Qd7 21.
Rh3 Rf8 22. Re1 b6 23. Nd4 Bc5 24. f5 Ne5 25. Ne6 Rf7 26. Bg3 Nd3 27. Nxc5 Rxc5
28. fxg6 Rg7 29. Re3 Qb5 30. Rxh7+ Rxh7 31. gxh7 Bxd5 32. exd5 Qb1+ 33. Be1
Rxd5 34. Rxe7 Re5 0-1

[Event "OLNN 1617 Agon Neumünster - Königssprin"]
[Site "?"]
[Date "2016.10.16"]
[Round "1.2"]
[White "Parvanyan, Ashot"]
[Black "Zimmermann, Julian"]
[Result "0-1"]
[WhiteElo "2262"]
[BlackElo "2285"]
[PlyCount "112"]
[EventDate "2016.??.??"]

1. Nf3 Nf6 2. c4 b6 3. g3 Bb7 4. Bg2 g6 5. O-O Bg7 6. d4 O-O 7. Nc3 Ne4 8. Nxe4
Bxe4 9. Bg5 c5 10. Qd2 cxd4 11. Bh6 Bxh6 12. Qxh6 Bxf3 13. exf3 Nc6 14. Rad1 e6
15. f4 Qf6 16. h4 Rac8 17. Qg5 Qg7 18. Qb5 Rfd8 19. Qa4 Rc7 20. Rd2 Qf8 21.
Rfd1 Qc5 22. a3 a5 23. Rd3 Rcc8 24. R3d2 Rb8 25. Qb5 d5 26. Rc1 Qxb5 27. cxb5
Na7 28. a4 Rdc8 29. Rxc8+ Nxc8 30. Rxd4 Nd6 31. g4 Rc8 32. b4 axb4 33. Rxb4 Kf8
34. Bf1 Ke7 35. Kg2 Rc3 36. a5 bxa5 37. Ra4 Nb7 38. b6 Rb3 39. Ba6 Rxb6 40.
Bxb7 Rxb7 41. Rxa5 h5 42. gxh5 gxh5 43. f5 Rb4 44. fxe6 fxe6 45. Kg3 Rg4+ 46.
Kh3 Rg7 47. Ra8 d4 48. Ra4 e5 49. f4 Ke6 50. Ra6+ Kf5 51. fxe5 d3 52. e6 Ke4
53. Rd6 Ke3 54. Rd7 Rg4 55. Rd5 d2 56. e7 Re4 0-1

[Event "OLNN 1617 Agon Neumünster - Königssprin"]
[Site "?"]
[Date "2016.10.16"]
[Round "1.3"]
[White "Harder, Clemens"]
[Black "Wulf von Moers, Jens"]
[Result "0-1"]
[WhiteElo "2207"]
[BlackElo "2171"]
[PlyCount "78"]
[EventDate "2016.??.??"]

1. d4 d5 2. Nf3 Nf6 3. g3 c6 4. Bg2 Bf5 5. O-O e6 6. c4 Nbd7 7. Nc3 h6 8. Nd2
Be7 9. f3 O-O 10. e4 dxe4 11. fxe4 Bg4 12. Qc2 e5 13. d5 Bh5 14. h3 Bg6 15. Nb3
a5 16. Be3 a4 17. Nd2 cxd5 18. cxd5 Bc5 19. Bf2 a3 20. Bxc5 Nxc5 21. b4 Na6 22.
b5 Nc5 23. Qd1 Rc8 24. Qe2 Qa5 25. Rac1 Qb4 26. Kh2 Qd4 27. Nf3 Qd3 28. Nxe5
Qxe2 29. Nxe2 Bxe4 30. Nc3 Bxg2 31. Kxg2 Rfe8 32. Rfe1 Rxe5 33. Rxe5 Nd3 34.
Ne4 Rxc1 35. Nxf6+ gxf6 36. Re8+ Kg7 37. d6 Ne5 38. Re7 Rd1 39. Rxb7 Rxd6 0-1

[Event "OLNN 1617 Agon Neumünster - Königssprin"]
[Site "?"]
[Date "2016.10.16"]
[Round "1.4"]
[White "Menzel, Ralf"]
[Black "Borgmeyer, Max"]
[Result "1/2-1/2"]
[WhiteElo "2209"]
[BlackElo "2218"]
[PlyCount "35"]
[EventDate "2016.??.??"]

1. e4 c5 2. Nf3 d6 3. Bb5+ Bd7 4. a4 Nf6 5. d3 Nc6 6. O-O g6 7. Re1 e5 8. c3
Bg7 9. d4 cxd4 10. cxd4 O-O 11. Nc3 exd4 12. Nxd4 Ng4 13. Nf3 Be6 14. Bg5 Qb6
15. Qd2 Nd4 16. Nxd4 Bxd4 17. Re2 a6 18. Bd3 1/2-1/2

[Event "OLNN 1617 Agon Neumünster - Königssprin"]
[Site "?"]
[Date "2016.10.16"]
[Round "1.5"]
[White "Lampe, Joerg"]
[Black "Grohde, Wolfgang"]
[Result "1/2-1/2"]
[WhiteElo "2171"]
[BlackElo "2050"]
[PlyCount "79"]
[EventDate "2016.??.??"]

1. e4 c5 2. c3 d5 3. exd5 Qxd5 4. d4 g6 5. Nf3 Bg7 6. Be2 Nc6 7. dxc5 Qxc5 8.
Be3 Qa5 9. Nbd2 Nf6 10. Nb3 Qc7 11. Nbd4 Ng4 12. Bg5 O-O 13. Nxc6 bxc6 14. O-O
Rb8 15. Qc1 c5 16. h3 Ne5 17. Nxe5 Bxe5 18. Bf3 Bb7 19. Bxb7 Rxb7 20. Re1 f6
21. Bh6 Rfb8 22. f4 Bd6 23. b3 c4 24. b4 Rb5 25. f5 Rxf5 26. Qe3 Re5 27. Qd2
Rbb5 28. Rad1 Rxe1+ 29. Rxe1 Qc6 30. Qd4 Qb6 31. Be3 Qxd4 32. Bxd4 a6 33. a4
Rd5 34. Kf2 e5 35. Ba7 Rd3 36. Re3 Rd2+ 37. Re2 Rd3 38. Re3 Rd2+ 39. Re2 Rd3
40. Re3 1/2-1/2

[Event "OLNN 1617 Agon Neumünster - Königssprin"]
[Site "?"]
[Date "2016.10.16"]
[Round "1.6"]
[White "Haffner, Alexander"]
[Black "Dettmann, Steffen"]
[Result "0-1"]
[WhiteElo "2116"]
[BlackElo "2193"]
[PlyCount "90"]
[EventDate "2016.??.??"]

1. d4 d5 2. Nf3 Nf6 3. c4 e6 4. cxd5 exd5 5. Bg5 h6 6. Bxf6 Qxf6 7. Nc3 c6 8.
Rc1 Nd7 9. e3 Bd6 10. Bd3 O-O 11. O-O Qd8 12. Qc2 Nf6 13. h3 Re8 14. Rce1 Bd7
15. e4 dxe4 16. Nxe4 Nxe4 17. Bxe4 Qa5 18. g4 Kf8 19. a3 Re7 20. b4 Qd8 21. Bf5
Bxf5 22. Qxf5 Rxe1 23. Rxe1 g6 24. Qc2 Qf6 25. Kg2 Kg7 26. Qe4 a5 27. b5 Bxa3
28. bxc6 bxc6 29. Ne5 Re8 30. Re3 Bd6 31. Qxc6 Qd8 32. Qc4 Bxe5 33. dxe5 Qa8+
34. f3 Rc8 35. Qd4 Rd8 36. Qf4 Qc6 37. Re2 Qa6 38. Ra2 Ra8 39. Qd4 Qe6 40. Kg3
Qxa2 41. e6+ Kh7 42. e7 Qe6 43. Qd8 Rc8 44. h4 Qe5+ 45. Kh3 Rc2 0-1

[Event "OLNN 1617 Agon Neumünster - Königssprin"]
[Site "?"]
[Date "2016.10.16"]
[Round "1.7"]
[White "Lock, Adrian"]
[Black "Neumann, Frank"]
[Result "1-0"]
[WhiteElo "2050"]
[BlackElo "2044"]
[PlyCount "73"]
[EventDate "2016.??.??"]

1. e4 g6 2. d4 Bg7 3. Nc3 c6 4. Be3 d5 5. exd5 cxd5 6. Nf3 Nf6 7. h3 Nc6 8. Bd3
a6 9. a3 b5 10. O-O O-O 11. Re1 Na5 12. Qd2 Nc4 13. Bxc4 bxc4 14. b3 cxb3 15.
cxb3 Ne4 16. Nxe4 dxe4 17. Ne5 Bb7 18. Rac1 Rc8 19. Qb4 Rxc1 20. Rxc1 Bd5 21.
Nc6 Bxc6 22. Rxc6 a5 23. Qc5 Qb8 24. b4 axb4 25. axb4 Re8 26. b5 Bf8 27. Qb6
Qxb6 28. Rxb6 Bg7 29. Rc6 f5 30. b6 Kf7 31. b7 Rb8 32. Rb6 g5 33. d5 f4 34. Bc5
Be5 35. Rb5 Rd8 36. d6 exd6 37. Bb6 1-0

[Event "OLNN 1617 Agon Neumünster - Königssprin"]
[Site "?"]
[Date "2016.10.16"]
[Round "1.8"]
[White "Parvanyan, Alfred"]
[Black "Hloskovsky, Andrei"]
[Result "1-0"]
[WhiteElo "1970"]
[BlackElo "2104"]
[PlyCount "87"]
[EventDate "2016.??.??"]

1. Nf3 d5 2. c4 c6 3. g3 e6 4. Bg2 f5 5. O-O Nf6 6. b3 Bd6 7. Bb2 Nbd7 8. d3
O-O 9. Nc3 f4 10. e4 fxe3 11. fxe3 Ng4 12. Qe2 Ndf6 13. e4 d4 14. Nd1 Ne5 15.
Nxe5 Bxe5 16. Ba3 Rf7 17. Nf2 Qc7 18. Nh3 h6 19. Nf4 g5 20. Nh5 Nxh5 21. Qxh5
Kg7 22. Rae1 b6 23. h4 Bf6 24. e5 Bd8 25. Rxf7+ Qxf7 26. Qxf7+ Kxf7 27. Bxc6
Rb8 28. Rf1+ Kg7 29. Bd6 Bb7 30. Bd7 Ra8 31. Bxe6 Bc6 32. Bf8+ Kg6 33. Bf7+ Kh7
34. h5 Bc7 35. Bg6+ Kg8 36. Bxh6 Bxe5 37. Bxg5 Bxg3 38. h6 Be5 39. Rf5 Bh8 40.
Rf7 Be5 41. Re7 Bh8 42. Rc7 Be8 43. h7+ Kf8 44. Bh6+ 1-0

[Event "OLNN 1617 SC Diogenes - SK Marmstorf"]
[Site "?"]
[Date "2016.10.16"]
[Round "1.1"]
[White "Hebbinghaus, Holger"]
[Black "Hochgraefe, Markus"]
[Result "0-1"]
[WhiteElo "2245"]
[BlackElo "2394"]
[PlyCount "110"]
[EventDate "2016.??.??"]

1. c4 c6 2. g3 d5 3. Bg2 Nf6 4. Nf3 Bf5 5. Qb3 Qb6 6. d3 e6 7. Be3 Qxb3 8. axb3
a6 9. Nc3 Be7 10. cxd5 exd5 11. Nd4 Bg6 12. Nc2 O-O 13. b4 Nbd7 14. Bh3 Rfe8
15. Kd2 h5 16. f3 Bd6 17. Na4 Re7 18. Nc5 Ne5 19. Bd4 Rae8 20. Kc3 h4 21. Rhg1
hxg3 22. hxg3 b6 23. Nxa6 Ned7 24. e3 c5 25. bxc5 bxc5 26. Bxf6 Nxf6 27. Kd2
Rb7 28. Ra2 Rb6 29. f4 c4 30. f5 Bh7 31. dxc4 Ne4+ 32. Ke2 Nxg3+ 33. Kf3 Nxf5
34. Bxf5 Bxf5 35. c5 Bxc5 36. Nxc5 Bxc2 37. b3 Bxb3 38. Rag2 Rf6+ 39. Ke2 Bc4+
40. Kd2 g6 41. Rh2 Rf1 42. Rg3 Ra8 43. Kc3 Rc8 44. Kd4 Rd1+ 45. Ke5 Rxc5 46.
Rgh3 d4+ 47. Kd6 Rd5+ 48. Ke7 Re5+ 49. Kd6 Rxe3 50. Rh8+ Kg7 51. R8h7+ Kf6 52.
Rf2+ Kg5 53. Rg2+ Kf5 54. Rf2+ Ke4 55. Rh4+ Kd3 0-1

[Event "OLNN 1617 SC Diogenes - SK Marmstorf"]
[Site "?"]
[Date "2016.10.16"]
[Round "1.2"]
[White "Kaid, Almar"]
[Black "Hawellek, Jeronimo"]
[Result "1/2-1/2"]
[WhiteElo "2278"]
[BlackElo "2352"]
[PlyCount "41"]
[EventDate "2016.??.??"]

1. Nf3 d6 2. d4 f5 3. g3 Nf6 4. Bg2 e6 5. O-O Be7 6. c4 Ne4 7. b3 Bf6 8. Bb2
O-O 9. Nbd2 Nc6 10. Ne1 Ng5 11. f4 Nf7 12. e3 a5 13. a3 e5 14. fxe5 dxe5 15. d5
Nb8 16. e4 f4 17. Nd3 fxg3 18. hxg3 b6 19. Qe2 Qe7 20. b4 g6 21. Nb3 1/2-1/2

[Event "OLNN 1617 SC Diogenes - SK Marmstorf"]
[Site "?"]
[Date "2016.10.16"]
[Round "1.3"]
[White "Mueller, Tobias"]
[Black "Korba, Roman"]
[Result "0-1"]
[WhiteElo "2131"]
[BlackElo "2207"]
[PlyCount "60"]
[EventDate "2016.??.??"]

1. c4 e6 2. g3 d5 3. Bg2 dxc4 4. Nf3 Nf6 5. O-O a6 6. a4 Nbd7 7. Qc2 c5 8. Na3
b6 9. Nxc4 Bb7 10. d3 Nd5 11. Bg5 N7f6 12. Qb3 Be7 13. d4 Qc7 14. Rac1 O-O 15.
dxc5 bxc5 16. Bd2 Rac8 17. Ba5 Qb8 18. Nfe5 Ba8 19. Qxb8 Rxb8 20. Rfd1 h6 21.
e4 Nb4 22. Nd7 Nxd7 23. Rxd7 Bd8 24. Bc7 Bxc7 25. Rxc7 Nd3 26. Rd1 Rfd8 27. e5
Bxg2 28. Kxg2 Nf4+ 29. gxf4 Rxd1 30. Rxc5 Rc1 0-1

[Event "OLNN 1617 SC Diogenes - SK Marmstorf"]
[Site "?"]
[Date "2016.10.16"]
[Round "1.4"]
[White "Schulenburg, Torben"]
[Black "Ramme, Christoph"]
[Result "1/2-1/2"]
[WhiteElo "2134"]
[BlackElo "2158"]
[PlyCount "45"]
[EventDate "2016.??.??"]

1. d4 Nf6 2. c4 e6 3. g3 d5 4. Nf3 Be7 5. Bg2 O-O 6. O-O dxc4 7. Ne5 Nc6 8.
Bxc6 bxc6 9. Qa4 Qxd4 10. Nxc6 Qd7 11. Nxe7+ Qxe7 12. Qxc4 Qd6 13. Nc3 Ba6 14.
Qa4 Nd5 15. Bf4 Nxf4 16. Qxf4 Rab8 17. Qc1 Qc6 18. Rd1 Rfd8 19. Qe3 Qb6 20.
Qxb6 cxb6 21. Kf1 Kf8 22. Ke1 Ke7 23. Rac1 1/2-1/2

[Event "OLNN 1617 SC Diogenes - SK Marmstorf"]
[Site "?"]
[Date "2016.10.16"]
[Round "1.5"]
[White "Mueller, Jan-Hendrik"]
[Black "Stephan, Axel"]
[Result "0-1"]
[WhiteElo "2103"]
[BlackElo "2232"]
[PlyCount "88"]
[EventDate "2016.??.??"]

1. c4 g6 2. g3 Bg7 3. Bg2 Nf6 4. Nc3 O-O 5. e4 d6 6. Nge2 c5 7. d3 Nc6 8. a3
Ne8 9. Rb1 Nd4 10. O-O Bg4 11. f3 Bd7 12. b4 cxb4 13. Rxb4 b6 14. Be3 Nc6 15.
Rb1 Na5 16. Qd2 e6 17. f4 Rc8 18. f5 exf5 19. exf5 Bxf5 20. Rxf5 gxf5 21. Bh3
Rc5 22. Nd5 Nc7 23. Nef4 Nxd5 24. cxd5 Qf6 25. Rf1 Re8 26. Nh5 Qc3 27. Qxc3
Rxc3 28. Nxg7 Rxe3 29. Nxf5 Rexd3 30. Nxd6 Rxd5 31. Ne4 Rdc5 32. Bg2 Rc1 33.
Nxc5 Rxc5 34. Rd1 Rc7 35. Rd8+ Kg7 36. Bd5 Nb7 37. Ra8 Nd6 38. a4 Kf6 39. g4
Kg5 40. Bf3 Kf4 41. Kf2 Rc2+ 42. Be2 Ne4+ 43. Kf1 Ke3 44. Bb5 Kf3 0-1

[Event "OLNN 1617 SC Diogenes - SK Marmstorf"]
[Site "?"]
[Date "2016.10.16"]
[Round "1.6"]
[White "Gottuk, Stefan"]
[Black "Diekmann, Jens"]
[Result "1-0"]
[WhiteElo "2177"]
[BlackElo "2044"]
[PlyCount "79"]
[EventDate "2016.??.??"]

1. e4 c5 2. Be2 Nc6 3. f4 g6 4. Nf3 Bg7 5. O-O e6 6. d3 Nge7 7. Qe1 c4 8. c3
cxd3 9. Bxd3 d5 10. e5 Qb6+ 11. Qe3 Qxe3+ 12. Bxe3 Bd7 13. Na3 O-O 14. Nb5 b6
15. Nfd4 Nxd4 16. Nxd4 Nf5 17. Nxf5 exf5 18. Bd4 Rfd8 19. Rf2 Bf8 20. Rd2 Bc5
21. Be2 Be6 22. Rad1 Be7 23. a4 Rac8 24. Ra1 Bc5 25. a5 Kf8 26. Kf2 Rc7 27. Ke3
Ke7 28. axb6 axb6 29. Ra6 Bc8 30. Ra2 Bd7 31. Rd1 Bc6 32. Rda1 Rdd7 33. Ra6 Bb7
34. Ra7 Bc6 35. Rxc7 Rxc7 36. Ra6 Bxd4+ 37. Kxd4 Rb7 38. Bf3 Ke6 39. c4 Rd7 40.
Rxb6 1-0

[Event "OLNN 1617 SC Diogenes - SK Marmstorf"]
[Site "?"]
[Date "2016.10.16"]
[Round "1.8"]
[White "Mueller, Dominik"]
[Black "Peschke, Matthias"]
[Result "1-0"]
[WhiteElo "2185"]
[BlackElo "1956"]
[PlyCount "97"]
[EventDate "2016.??.??"]

1. d4 Nf6 2. c4 c5 3. d5 e6 4. Nc3 exd5 5. cxd5 d6 6. e4 g6 7. Bd3 Bg7 8. h3
O-O 9. Nf3 Re8 10. O-O a6 11. a4 Qc7 12. Bf4 Nbd7 13. Re1 Rb8 14. Rc1 b5 15.
axb5 c4 16. Bf1 axb5 17. b4 Nh5 18. Bh2 Ne5 19. Nd4 Bd7 20. g4 Nf6 21. Bf4 h6
22. Be3 g5 23. Ra1 Rb7 24. Ra5 Reb8 25. Kh1 h5 26. gxh5 g4 27. h6 Bh8 28. Be2
Kh7 29. Rg1 gxh3 30. f4 Ng6 31. Qc2 Qc8 32. e5 dxe5 33. fxe5 Ng4 34. Bxg4 Bxg4
35. Qe4 Bd7 36. e6 Be8 37. exf7 Bxf7 38. Ncxb5 Qd7 39. Nc3 Re8 40. Qf3 Qe7 41.
d6 Qxe3 42. Qxb7 Bxd4 43. Qxf7+ Kh8 44. Rxg6 Qe1+ 45. Kh2 Qd2+ 46. Kxh3 Qxc3+
47. Rg3 Qe1 48. Ra2 c3 49. h7 1-0

[Event "OLNN 1617 SSC Rostock - Lübecker SV"]
[Site "Rostock"]
[Date "2016.10.16"]
[Round "1.1"]
[White "Kreuzholz, Michael"]
[Black "Rudolf, Henrik"]
[Result "1-0"]
[WhiteElo "2331"]
[BlackElo "2356"]
[PlyCount "67"]
[EventDate "2016.??.??"]

1. e4 c5 2. Nf3 Nc6 3. d4 cxd4 4. Nxd4 Qc7 5. Nc3 e6 6. Be3 a6 7. Qf3 Bd6 8.
O-O-O Be5 9. g3 b5 10. Nxc6 Qxc6 11. Bd4 Bxd4 12. Rxd4 Nf6 13. Bg2 e5 14. Rd2
d6 15. Qd3 b4 16. Nd5 Nxd5 17. Qxd5 Qxd5 18. Rxd5 Ke7 19. Rhd1 Rd8 20. Ra5 Bb7
21. f4 f6 22. a3 bxa3 23. Rxa3 Rac8 24. Rb3 Ba8 25. Rb6 Rc6 26. Rxc6 Bxc6 27.
fxe5 dxe5 28. Re1 a5 29. b3 Rb8 30. Re3 Rb4 31. Bf3 Kd6 32. Kb2 Rd4 33. Kc1 g6
34. c3 1-0

[Event "OLNN 1617 SSC Rostock - Lübecker SV"]
[Site "Rostock"]
[Date "2016.10.16"]
[Round "1.2"]
[White "Skibbe, Willi"]
[Black "Kololli, Martin"]
[Result "1/2-1/2"]
[WhiteElo "2281"]
[BlackElo "2202"]
[PlyCount "60"]
[EventDate "2016.??.??"]

1. d4 Nf6 2. c4 e6 3. Nf3 Bb4+ 4. Nbd2 b6 5. a3 Bxd2+ 6. Qxd2 Bb7 7. g3 Bxf3 8.
exf3 d5 9. b3 O-O 10. Bd3 Nc6 11. Bb2 dxc4 12. bxc4 Qd6 13. O-O Rad8 14. Rad1
e5 15. d5 Nd4 16. Kg2 c6 17. f4 cxd5 18. fxe5 Qc6 19. c5 Ne4 20. Qe3 Nf5 21.
Qf4 g6 22. Rfe1 Qxc5 23. Rc1 Qe7 24. e6 fxe6 25. Bxe4 dxe4 26. Qe5 Ng7 27. Rxe4
Rf5 28. Qxg7+ Qxg7 29. Bxg7 Kxg7 30. Rxe6 Rd7 1/2-1/2

[Event "OLNN 1617 SSC Rostock - Lübecker SV"]
[Site "Rostock"]
[Date "2016.10.16"]
[Round "1.3"]
[White "Christ, Ralf"]
[Black "Jaster, Robert"]
[Result "1/2-1/2"]
[WhiteElo "2258"]
[BlackElo "2277"]
[PlyCount "43"]
[EventDate "2016.??.??"]

1. e4 c6 2. d4 d5 3. exd5 cxd5 4. c4 Nf6 5. Nc3 Nc6 6. Nf3 Bg4 7. cxd5 Nxd5 8.
Qb3 Bxf3 9. gxf3 e6 10. Qxb7 Nxd4 11. Bb5+ Nxb5 12. Qc6+ Ke7 13. Qxb5 Qd7 14.
Nxd5+ Qxd5 15. Bg5+ f6 16. Qxd5 exd5 17. Be3 Ke6 18. O-O-O Bb4 19. a3 Rhc8+ 20.
Kb1 Bc5 21. Rhe1 Bxe3 22. Rxe3+ 1/2-1/2

[Event "OLNN 1617 SSC Rostock - Lübecker SV"]
[Site "Rostock"]
[Date "2016.10.16"]
[Round "1.4"]
[White "Pererva, Viktor"]
[Black "Lampe, Dirk"]
[Result "0-1"]
[WhiteElo "2078"]
[BlackElo "2245"]
[PlyCount "130"]
[EventDate "2016.??.??"]

1. e4 c5 2. Nf3 Nc6 3. d4 cxd4 4. Nxd4 Nf6 5. Nc3 e5 6. Ndb5 d6 7. Bg5 a6 8.
Na3 b5 9. Bxf6 gxf6 10. Nd5 f5 11. c3 Bg7 12. exf5 Bxf5 13. Nc2 O-O 14. Nce3
Bg6 15. Be2 f5 16. f4 Bh6 17. O-O exf4 18. Nc2 f3 19. Bxf3 f4 20. Nd4 Nxd4 21.
Qxd4 Bg7 22. Qd2 Be5 23. Kh1 Rc8 24. a4 bxa4 25. Rxa4 Be8 26. Raa1 a5 27. Be4
Bc6 28. Qd3 Kh8 29. Rf3 Rf7 30. Raf1 Qh4 31. Rh3 Qg5 32. Bxh7 Kg7 33. Be4 Rh8
34. Rxh8 Kxh8 35. Qh3+ Kg7 36. Qf3 Rb7 37. Qf2 Rf7 38. Qf3 Rb7 39. Nxf4 Qxf4
40. Qxf4 Bxf4 41. Rxf4 Rxb2 42. h4 d5 43. Bf5 a4 44. Rb4 Rxb4 45. cxb4 Bd7 46.
Bb1 Kf6 47. Kg1 d4 48. Kf2 a3 49. Ke2 Ke5 50. h5 Bg4+ 51. Kd2 Bxh5 52. Ba2 Be8
53. g4 Bg6 54. Bb3 Kd6 55. g5 Ke5 56. Bc4 Be4 57. b5 Kd6 58. Kc1 Kc5 59. Bf7
Kb4 60. g6 Kc3 61. g7 d3 62. Kb1 d2+ 63. Ka2 d1=Q 64. g8=Q Qb1+ 65. Kxa3 Qb4+
0-1